Poznejte svůj osud

Podrobná bibliografia
Hlavný autor: Visual, Sue (Autor)
Ďalší autori: Strejček, Michal (Ilustrátor)
Médium: Kniha
Jazyk:čeština
Fyzický popis:43, [1] s. 21 cm
Vydavateľské údaje: Praha Áka Čejkovo nakladatelství 1990
ISBN:8090029825
Vydanie:1. vyd.

MARC

LEADER 00000nam a2200000 a 4500
001 vtls001129274
003 SK-MaSNL
005 20260301001829.0
008 250414s1990 CS 0 cze
020 |a 8090029825 
035 |a SNK000072124 
040 |a SNK  |b slo  |c SNK  |e AACR2 
041 0 |a cze 
044 |a [CS] 
080 |a 133.6  |2 1981 
100 1 |a Visual, Sue  |4 aut  |9 280642 
245 1 0 |a Poznejte svůj osud  |c Sue Visual ; Kresby Michal Strejček 
250 |a 1. vyd. 
260 |a Praha  |b Áka Čejkovo nakladatelství  |c 1990 
300 |a 43, [1] s.  |c 21 cm 
700 1 |a Strejček, Michal  |4 ill  |9 280643 
852 |a Slovenská národná knižnica 
919 |a 80-900298-2-5 
954 |a chiromantia 
958 |a OND 
999 |c 535849  |d 537779 
952 |t P60, <04>, [BOOK], {604}  |a SNK  |b SNK  |y NEVYP  |7 0  |p 17A0180392  |o snkIC 118485 D1  |0 0  |1 1  |4 0  |d 1999-02-09  |l 0  |r 2005-01-01 00:00:00  |w 2026-02-23